Animales pilíferos : crianza en cautividad e industrialización de sus pieles / por D. Madrid crianza en cautividad e industrialización de sus pieles / por D. Madrid
Descripción Física:
215 p. : il. ; 18 cm
Colección:
Biblioteca de La Chacra ; 3
MARC
| LEADER | 00000nam a2200000Ia 4500 | ||
|---|---|---|---|
| 001 | 14444 | ||
| 008 | 160829s1940 xx 000 0 cat d | ||
| 080 | |a C-2-260 | ||
| 100 | |a Madrid, D. |9 25000 | ||
| 245 | |a Animales pilíferos : |b crianza en cautividad e industrialización de sus pieles / por D. Madrid | ||
| 260 | |a Buenos Aires : |b Atlántida, |c 1940 | ||
| 300 | |a 215 p. : |b il. ; |c 18 cm | ||
| 490 | |a Biblioteca de La Chacra ; 3 | ||
| 650 | |a Animals pilífers |x Cria i desenvolupament |9 25001 | ||
| 650 | |a Pells |9 25002 | ||
| 901 | |a Arxiu | ||
| 942 | |n 1 | ||
| 952 | |0 0 |1 0 |4 0 |6 C2260 |7 1 |9 43408 |a Arxiu |b Arxiu |d 2016-12-01 |l 0 |o C-2-260 |p 14444 |r 2016-12-01 00:00:00 |w 2016-12-01 |y ARXIU | ||
| 999 | |c 45954 |d 45954 | ||